000 00511nam a2200181Ia 4500
005 20250508153325.0
008 008 250505s9999 xx 000 0 eng d
037 _aTextual
040 _aFEDL
_beng
_cFEDL
041 _aeng
_2eng
084 _a370, AME
_qFEDL
245 0 _aGuide for resource - use education workshops
260 _aWashington, USA
_bAmerican Council on Education
_c1951
300 _avii,45p
650 _aEducation
942 _cTEXL
_h370, AME
999 _c1342034
_d1342034